| 000 | 00631nam a2200205Ia 4500 | ||
|---|---|---|---|
| 001 | 8833 | ||
| 003 | GE_BSU | ||
| 008 | 181216s||||||||xx |||||||||||||| ||und|| | ||
| 040 | _cGE_BSU | ||
| 080 | _a821.353.1-1 | ||
| 100 | _aევდოშვილი,იროდიონ | ||
| 245 | _aთხზულებანი. ლექსები. ტ.1 | ||
| 245 | _cრედ. შალვა რადიანი | ||
| 260 | _aთბილისი | ||
| 260 | _bფედერაცია | ||
| 260 | _c1935 | ||
| 300 | _a306გვ.20სმ. | ||
| 653 | _aთხზულებანი. ლექსები | ||
| 942 | _cBK | ||
| 999 |
_c42141 _d42141 |
||